Catálogo

LEY FEDERAL DEL TRABAJO (Registro nro. 28491)

Detalles MARC
000 -LEADER
fixed length control field 00392nam a2200157 a 4500
001 - CONTROL NUMBER
control field 28491
005 - DATE AND TIME OF LATEST TRANSACTION
control field 20180713231403.0
008 - FIXED-LENGTH DATA ELEMENTS--GENERAL INFORMATION
fixed length control field 140415s2003 mx 000 0 spa d
020 ## - INTERNATIONAL STANDARD BOOK NUMBER
International Standard Book Number 9701043774
041 ## - LANGUAGE CODE
Language code of text/sound track or separate title spa
082 ## - DEWEY DECIMAL CLASSIFICATION NUMBER
Classification number 344.7201
Item number MEX
245 00 - TITLE STATEMENT
Title LEY FEDERAL DEL TRABAJO
250 ## - EDITION STATEMENT
Edition statement 1RA
260 ## - PUBLICATION, DISTRIBUTION, ETC.
Place of publication, distribution, etc. MEXICO :
Name of publisher, distributor, etc. MC GRAW HILL,
Date of publication, distribution, etc. 2003
300 ## - PHYSICAL DESCRIPTION
Extent 375
Dimensions 12 x 3 x 15
Existencias
Withdrawn status Lost status Source of classification or shelving scheme Damaged status Not for loan Collection code Home library Current library Shelving location Date acquired Source of acquisition Total Checkouts Full call number Barcode Price effective from Koha item type
    Dewey Decimal Classification     General Tehuacán Tehuacán Sala general 03/12/2013 Compra   344.7201 MEX 502147 03/12/2013 Libro